[Event "Guingamp op 6th"]
[Site "Guingamp"]
[Date "2002.??.??"]
[Round "2"]
[White "Coupey, Olivier"]
[Black "Desmons, Florent"]
[Result "1-0"]
[WhiteElo "1710"]
[BlackElo "1480"]
[PlyCount "65"]
[EventDate "2002.04.16"]
[EventType "swiss"]
[EventRounds "7"]
[EventCountry "FRA"]
[SourceTitle "EXT 2003"]
[Source "ChessBase"]
[SourceDate "2002.11.25"]
[SourceVersion "1"]
[SourceVersionDate "2002.11.25"]
[SourceQuality "1"]

1. e4 d6 2. d4 Nf6 3. Nc3 g6 4. f3 Bg7 5. Be3 0-0 6. Bc4 Nbd7 7. Qd2 c6 8. a4 Qa5 9. Nge2 b5 10. Bb3 b4 11. Nd1 Rb8 12. Bh6 Ba6 13. Bxg7 Kxg7 14. Ne3 Nb6 15. 0-0 Rfd8 16. Ng4 Nc4 17. Bxc4 Bxc4 18. b3 Bxe2 19. Qxe2 Nd7 20. f4 e6 21. Ne3 e5 22. dxe5 dxe5 23. Nc4 Qc5+ 24. Kh1 exf4 25. e5 Re8 26. Rae1 Re6 27. Rxf4 Rbe8 28. Re4 Kg8 29. Nd6 R8e7 30. Nc4 Nf6 31. exf6 Rxe4 32. fxe7 Rxe2 33. Rxe2 1-0